Speech and language processing : an introduction to natural language processing, computational linguistics, and speech recognition /

Detalhes bibliográficos
Autor principal: Jurafsky, Dan, 1962-
Outros Autores: Martin, James H., 1959-
Formato: Livro
Idioma:English
Publicado em: Noida : Pearson, c2014 [twenty fifth impression 2025].
Edição:Second edition.
Assuntos:
Classic Catalogue: View this record in Classic Catalogue
LEADER 04592nam a22004217a 4500
001 44580
003 BD-DhAAL
005 20250812100719.0
008 250811r20252014ii a b 001 0 eng d
020 |a 9789332518414  |q paperback 
020 |a 9780131873216  |q hardcover : alk. paper 
020 |a 0131873210  |q hardcover : alk. paper 
040 |a BD-DhAAL  |c BD-DhAAL 
082 0 0 |a 410.285  |2 23 
100 1 |a Jurafsky, Dan,  |d 1962-  |9 58991 
245 1 0 |a Speech and language processing :  |b an introduction to natural language processing, computational linguistics, and speech recognition /  |c Daniel Jurafsky, James H. Martin. 
250 |a Second edition. 
260 |a Noida :  |b Pearson,  |c c2014 [twenty fifth impression 2025]. 
300 |a 940 pages :  |b illustrations ;  |c 25 cm 
500 |a Includes bibliographical references and index. 
505 |a Introduction -- Regular expressions and automata -- Words and Transducers -- N-grams -- Part-of-speech tagging -- Hidden Markov and Maximum Entropy Models -- Phonetics -- Speech synthesis -- Automatic speech recognition -- Speech recognition: advanced topics -- Computational phonology -- Formal grammars of English -- Syntactic parsing -- Statistical parsing -- Features and unification -- Language and complexity -- The representation of meaning -- Computational semantics -- Lexical semantics -- Computational lexical semantics -- Computational discourse -- Information extraction -- Question answering and summarization -Dialogue and conversational agents -- Machine translation. 
526 |a CSE  |x Annajiat Alim Rasel Senior Lecturer Department of Computer Science and Engineering BRAC University Course No. : CSE 751 
541 |a Book Finder International  |e 44580, 44581, 44582, 44583, 44584, 44585, 44586 
650 0 |a Computational linguistics. 
650 0 |a Automatic speech recognition.  |9 58986 
650 0 |a Computer science. 
700 1 |a Martin, James H.,  |d 1959-  |9 58992 
852 |a Ayesha Abed Library  |c General Stacks 
942 |2 ddc  |c BK 
955 |a LCAP batch update 2025-06-01-04:00: LCAPM-644 
999 |c 47364  |d 47364 
952 |0 0  |1 0  |2 ddc  |4 0  |6 410_285000000000000_JUR  |7 0  |9 77969  |a BRACUL  |b BRACUL  |c GEN  |d 2025-08-03  |e Book Finder International  |g 1810.00  |l 1  |o 410.285 JUR  |p 3010044582  |q 2026-08-06  |r 2026-04-07  |s 2026-04-07  |t 3  |v 3620.00  |w 2025-08-03  |y BK  |x Requisitioned by Annajiat Alim Rasel (Senior Lecturer, Department of Computer Science and Engineering, BRAC University) for the course no. - CSE 751 
952 |0 0  |1 0  |2 ddc  |4 0  |6 410_285000000000000_JUR  |7 0  |9 77970  |a BRACUL  |b BRACUL  |c GEN  |d 2025-08-03  |e Book Finder International  |g 1810.00  |l 1  |o 410.285 JUR  |p 3010044586  |r 2026-04-08  |s 2026-04-07  |t 7  |v 3620.00  |w 2025-08-03  |y BK  |x Requisitioned by Annajiat Alim Rasel (Senior Lecturer, Department of Computer Science and Engineering, BRAC University) for the course no. - CSE 751 
952 |0 0  |1 0  |2 ddc  |4 0  |6 410_285000000000000_JUR  |7 0  |9 77971  |a BRACUL  |b BRACUL  |c GEN  |d 2025-08-03  |e Book Finder International  |g 1810.00  |l 0  |o 410.285 JUR  |p 3010044585  |r 2025-08-03  |t 6  |v 3620.00  |w 2025-08-03  |y BK  |x Requisitioned by Annajiat Alim Rasel (Senior Lecturer, Department of Computer Science and Engineering, BRAC University) for the course no. - CSE 751 
952 |0 0  |1 0  |2 ddc  |4 0  |6 410_285000000000000_JUR  |7 0  |9 77972  |a BRACUL  |b BRACUL  |c GEN  |d 2025-08-03  |e Book Finder International  |g 1810.00  |l 0  |o 410.285 JUR  |p 3010044581  |r 2025-08-03  |t 2  |v 3620.00  |w 2025-08-03  |y BK  |x Requisitioned by Annajiat Alim Rasel (Senior Lecturer, Department of Computer Science and Engineering, BRAC University) for the course no. - CSE 751 
952 |0 0  |1 0  |2 ddc  |4 0  |6 410_285000000000000_JUR  |7 0  |9 77973  |a BRACUL  |b BRACUL  |c GEN  |d 2025-08-03  |e Book Finder International  |g 1810.00  |l 1  |m 3  |o 410.285 JUR  |p 3010044580  |r 2025-11-05  |s 2025-09-11  |t 1  |v 3620.00  |w 2025-08-03  |y BK  |x Requisitioned by Annajiat Alim Rasel (Senior Lecturer, Department of Computer Science and Engineering, BRAC University) for the course no. - CSE 751 
952 |0 0  |1 0  |2 ddc  |4 0  |6 410_285000000000000_JUR  |7 0  |9 77974  |a BRACUL  |b BRACUL  |c GEN  |d 2025-08-03  |e Book Finder International  |g 1810.00  |l 0  |o 410.285 JUR  |p 3010044584  |r 2025-08-03  |t 5  |v 3620.00  |w 2025-08-03  |y BK  |x Requisitioned by Annajiat Alim Rasel (Senior Lecturer, Department of Computer Science and Engineering, BRAC University) for the course no. - CSE 751 
952 |0 0  |1 0  |2 ddc  |4 0  |6 410_285000000000000_JUR  |7 0  |9 77975  |a BRACUL  |b BRACUL  |c GEN  |d 2025-08-03  |e Book Finder International  |g 1810.00  |l 0  |o 410.285 JUR  |p 3010044583  |r 2025-08-03  |t 4  |v 3620.00  |w 2025-08-03  |y BK  |x Requisitioned by Annajiat Alim Rasel (Senior Lecturer, Department of Computer Science and Engineering, BRAC University) for the course no. - CSE 751